000 00294nam a2200121Ia 4500
008 240112s1973 xx 000 0 und d
041 _aeng
082 _a616.3403
100 _aSCHWARTZ T.
245 _aTHE YEAR BOOK OF ENDOCRINOLOGY
260 _bTHE Y/B MED. PUB
_c1973
300 _a416,HB
999 _c1142318
_d1142318